Statistiques concernant Focus sur: Nymphadora Tonks - Harry Potter

Cliquez ici pour prendre le quiz!

Statistiques générales

  • Ce quiz a été pris 919 fois
  • Le résultat moyen est 12 sur 14

Statistiques - réponses

Informations recherchéesRéponses% Correct
Statut du sangSang-Mêlé
99%
Ecole fréquentéePoudlard
97%
ÉpouxRemus Lupin
97%
Maison fréquentéePoufsouffle
96%
Première apparitionHarry Potter et l'Ordre du Phénix
94%
FilsTed Lupin
92%
PèreTed Tonks
92%
ProfessionAuror
91%
Couleur des cheveuxChangeant (souvent rose)
87%
Lieu de rencontre avec Harry Potter4 Privet Drive
83%
PatronusLièvre/Loup
75%
MèreAndromeda Tonks
72%
EspèceMétamorphomage
58%
Actrice l'interprétant dans les filmsNatalia Tena
37%

Distribution des résultats

Percentile par nombre de réponses

% des personnes avec chaque résultat

Votre développement - résultats

Vous n’avez pas pris ce quiz